000 00622nam a2200241Ia 4500
003 OSt
005 20221005131046.0
006 a|||||r|||| 00| 0
007 ta
008 221004b |||||||| |||| 00| 0 eng d
024 _a42928
037 _cTextual
040 _aCRL
_cCRL
_beng
041 _2eng
_aeng
082 _aO142:1M90x, 111J9
100 _aPasternak Boris
245 0 _aSelected poems tr by J M Cohen
260 _c1959
650 _a ENGLISH LITERATURE
650 _aRUSSIAN LITERATURE
942 _hO142:1M90x, 111J9
_cTEXL
_2cc
999 _c1059222
_d1059222